|
|
|
|
| LEADER |
00993cam a2200253 7i4500 |
| 001 |
0000055971 |
| 005 |
20241126090000.0 |
| 020 |
|
|
|a 9783030212933 (electronic book)
|
| 090 |
0 |
0 |
|a QP376
|b .B73 2019
|
| 245 |
0 |
0 |
|a Brain and human body modeling :
|b computational human modeling at EMBC 2018
|c ergey Makarov, Marc Horner, Gregory Noetscher, editors.
|
| 264 |
|
|
|a Cham, Switzerland:
|b Springer,
|c 2019.
|
| 300 |
|
|
|a 1 online resource (xi, 402 pages):
|b illustrations (some color), text file, PDF.
|
| 336 |
|
|
|a text
|2 rdacontent
|
| 337 |
|
|
|a computer
|2 rdamedia
|
| 338 |
|
|
|a online resource
|2 rdacarrier
|
| 650 |
0 |
0 |
|a Human body --
|x Models
|
| 650 |
0 |
0 |
|a Brain --
|x Models
|
| 655 |
0 |
0 |
|a Electronic books
|
| 700 |
1 |
|
|a Horner, Marc
|
| 700 |
1 |
|
|a Noetscher, Gregory M
|
| 700 |
1 |
|
|a Makarov, Sergey N
|
| 856 |
4 |
2 |
|u http://library.unisel.edu.my/web/guest/mylibrary
|
| 997 |
|
|
|a Engineering & Life Sciences, Faculty
|b Engineering, Department
|
| 999 |
|
|
|a EBO0002244
|b EBOOK
|c EBOOK
|e Electronic resources
|